000 00569nam a2200181Ia 4500
003 GCL
008 140319s9999 xx 000 0 ara d
040 _aGCL /
_cGCL
082 0 4 _a015
_bو ك
100 1 _aوزارة الاعلام بالهيئة العامة
245 1 0 _aالكتاب السنوى 1996 /
_cوزارة الاعلام بالهيئة العامة
300 _a256 ص
490 _aالهيئة العامة للاستعلامات
_v0
650 0 4 _aمصر
650 0 4 _aالببليوجرافيا
650 0 4 _aكتاب سنوى
942 _2ddc
_cBK
999 _c51717
_d51717